Aviation Quiz - Statistics

General Stats
  • This quiz has been taken 3,333 times
  • The average score is 6 of 15
Answer Stats
Prompt Answer % Correct
Largest Airbus Airliner A380
93%
Largest Boeing Airliner 747
91%
Largest Airline by fleet size American Airlines
62%
Flag carrier of Ireland Aer Lingus
49%
Made the DC10 Douglas
48%
Makes the Canadair Regional Jet Bombardier
43%
Merged with the above manufacturer McDonnell Douglas
38%
American Airlines’ regional name American Eagle
34%
Name of the Singapore airport Changi
33%
Location where Alaska Airlines is based Seattle
33%
Both flag carriers of the UAE Emirates, Etihad
32%
IATA airport code for Tokyo Narita NRT
30%
ICAO airport code for London Heathrow EGLL
25%
Maintenance provider under the name of the German flag carrier Lufthansa Technik
13%
Russian aircraft that crashed in Moscow due to pilot error SSJ100
2%
No matching quizzes found
Score Distribution
Percent of People with Each Score
Percentile by Number Answered
Your Score History
You have not taken this quiz